[Event "AUTO-OPEN-2975"]
[Site "http://www.queenalice.com/game.php?id=1175229"]
[Date "2013.4.26"]
[Round "1"]
[White "Modaste"]
[Black "catitu"]
[Result "1-0"]
[WhiteElo "2135"]
[BlackElo "1169"]

1. e4 e5 2. Nf3 d6 3. Be2 Bg4 4. O-O Nc6 5. c3 Nf6 6. d3 d5 7. exd5 Nxd5 8. Nxe5
Nxe5 9. Bxg4 Nxg4 10. Qxg4 Qd6 11. Na3 Qe6 12. Qxe6+ fxe6 13. Nb5 c6 14. Nd4 e5
15. Re1 Bd6 16. Nf5 Rd8 17. Nxd6+ Kd7 18. Nf5 g6 19. Nh6 Rde8 20. Nf7 Rhf8 21.
Nxe5+ Kd6 22. Nc4+ 1-0

[Event "AUTO-OPEN-2977"]
[Site "http://www.queenalice.com/game.php?id=1175760"]
[Date "2013.4.27"]
[Round "1"]
[White "MASTROIANNI"]
[Black "catitu"]
[Result "1-0"]
[WhiteElo "1537"]
[BlackElo "1169"]

1. d4 d5 2. f4 e6 3. g4 Qh4+ 4. Kd2 Qxg4 5. e3 Qxd1+ 6. Kxd1 Nc6 7. c4 dxc4 8.
Bxc4 Nf6 9. Bd2 Ne4 10. Be1 Bb4 11. Nf3 Bxe1 12. Rxe1 O-O 13. Nc3 Nf2+ 14. Ke2
Ng4 15. Rad1 Nb4 16. a3 Nc2 17. Rg1 Ncxe3 18. Rd2 Nxc4 19. Rc2 1-0

[Event "AUTO-OPEN-2977"]
[Site "http://www.queenalice.com/game.php?id=1175761"]
[Date "2013.4.27"]
[Round "1"]
[White "catitu"]
[Black "MASTROIANNI"]
[Result "0-1"]
[WhiteElo "1169"]
[BlackElo "1537"]

1. e4 c5 2. d3 b5 3. Nf3 Bb7 4. Nc3 b4 5. Na4 e6 6. d4 Bxe4 7. Nxc5 Bd5 8. b3
Bxc5 9. dxc5 Qf6 10. Rb1 Nc6 11. Bg5 Qc3+ 12. Bd2 Qf6 13. Bb5 a6 14. Bxc6 dxc6
15. Bxb4 a5 16. Ba3 O-O-O 17. Nd4 Bxg2 18. Rg1 Rxd4 0-1

[Event "AUTO-OPEN-2977"]
[Site "http://www.queenalice.com/game.php?id=1175780"]
[Date "2013.4.27"]
[Round "1"]
[White "catitu"]
[Black "Narizinho"]
[Result "0-1"]
[WhiteElo "1213"]
[BlackElo "1329"]

1. e4 e5 2. Nf3 Nf6 3. d3 Nc6 4. Bg5 Be7 5. Nc3 O-O 6. d4 exd4 7. Nxd4 Nxd4 8.
Qxd4 c5 9. Qa4 a6 10. O-O-O d6 11. Bxf6 Bxf6 12. Nd5 Bg4 13. f3 Be6 14. c4 Bxd5
0-1

[Event "AUTO-OPEN-2977"]
[Site "http://www.queenalice.com/game.php?id=1175781"]
[Date "2013.4.27"]
[Round "1"]
[White "Narizinho"]
[Black "catitu"]
[Result "1-0"]
[WhiteElo "1303"]
[BlackElo "1244"]

1. Nf3 d5 2. d4 Bg4 3. Nc3 e6 4. e3 Bxf3 5. gxf3 Bb4 6. Bb5+ c6 7. Be2 Bxc3+ 8.
bxc3 Qa5 9. e4 Qxc3+ 10. Kf1 Qxa1 11. exd5 exd5 12. f4 Qxa2 13. Bg4 Nf6 14. Be2
O-O 15. c3 1-0

[Event "AUTO-OPEN-2980"]
[Site "http://www.queenalice.com/game.php?id=1177111"]
[Date "2013.5.1"]
[Round "1"]
[White "MARCELOCJ1"]
[Black "catitu"]
[Result "1-0"]
[WhiteElo "1319"]
[BlackElo "1363"]

1. c3 e5 2. g3 d5 3. e3 Nf6 4. Nf3 Nc6 5. Bg2 Bg4 6. h3 Bf5 7. b3 e4 8. Nd4 Nxd4
9. cxd4 Be7 10. g4 Be6 11. O-O O-O 12. Ba3 c6 13. d3 Bxa3 14. Nxa3 Qa5 15. f3
Qxa3 16. g5 Nh5 17. f4 Ng3 18. Rf2 exd3 19. Kh2 Ne2 20. Qd2 Qa6 21. a4 1-0

[Event "AUTO-OPEN-2980"]
[Site "http://www.queenalice.com/game.php?id=1177112"]
[Date "2013.5.1"]
[Round "1"]
[White "catitu"]
[Black "MARCELOCJ1"]
[Result "0-1"]
[WhiteElo "1307"]
[BlackElo "1337"]

1. e4 g6 2. d4 c6 3. Nf3 e6 4. Nc3 Nh6 5. Bg5 f6 6. Bf4 g5 7. Bxb8 Rxb8 8. Bd3
g4 9. Nd2 Bd6 10. Nc4 b5 11. Nxd6+ Kf8 12. O-O Ba6 13. a3 Qe7 14. Ndxb5 cxb5 15.
f3 gxf3 16. Qxf3 Rg8 17. Qf4 Qd8 18. Qxf6+ Ke8 19. Qxh6 Rb6 0-1

[Event "AUTO-OPEN-2980"]
[Site "http://www.queenalice.com/game.php?id=1177139"]
[Date "2013.5.1"]
[Round "1"]
[White "catitu"]
[Black "celotti"]
[Result "0-1"]
[WhiteElo "1254"]
[BlackElo "1508"]

1. e4 e5 2. d3 Nc6 3. Nf3 d6 4. d4 f6 5. Bb5 Ne7 6. Nc3 Bd7 7. O-O Bg4 8. b3 a6
9. Bxc6+ Nxc6 10. Nd5 Nxd4 11. Bb2 c6 12. Ne3 Nxf3+ 13. gxf3 Bh3 14. Ng2 f5 15.
exf5 Qg5 0-1

[Event "AUTO-OPEN-2980"]
[Site "http://www.queenalice.com/game.php?id=1177140"]
[Date "2013.5.1"]
[Round "1"]
[White "celotti"]
[Black "catitu"]
[Result "1-0"]
[WhiteElo "1501"]
[BlackElo "1266"]

1. e4 e5 2. Nc3 Bb4 3. Qg4 Qf6 4. Nh3 Bxc3 5. dxc3 Nh6 6. Qe2 O-O 7. Bd2 d6 8.
Bg5 Bg4 9. f3 Qe6 10. c4 Bxh3 11. gxh3 Nc6 12. a3 Nd4 13. Qg2 Qg6 14. Bd3 f6 15.
h4 fxg5 16. Rf1 1-0

[Event "AUTO-OPEN-2980"]
[Site "http://www.queenalice.com/game.php?id=1177141"]
[Date "2013.5.1"]
[Round "1"]
[White "catitu"]
[Black "vivafischer"]
[Result "0-1"]
[WhiteElo "1554"]
[BlackElo "2159"]

1. e4 e6 2. d4 d5 3. Nc3 Bb4 4. Nf3 dxe4 5. Ne5 Nf6 6. Bg5 Nbd7 7. Nxd7 Bxd7 8.
Bc4 Bc6 9. O-O O-O 10. Qd2 Bd5 11. Bxd5 exd5 12. h4 h6 13. Bxf6 Qxf6 14. Rae1
Qxh4 15. Re3 c6 16. a3 Bd6 17. Ne2 Qh2# 0-1

[Event "AUTO-OPEN-2980"]
[Site "http://www.queenalice.com/game.php?id=1177142"]
[Date "2013.5.1"]
[Round "1"]
[White "vivafischer"]
[Black "catitu"]
[Result "1-0"]
[WhiteElo "2177"]
[BlackElo "1554"]

1. e4 e5 2. Nf3 Nc6 3. Bb5 d6 4. c3 Bg4 5. h3 Bxf3 6. Qxf3 Qf6 7. Qe2 O-O-O 8.
Bxc6 bxc6 9. a4 d5 10. d3 dxe4 11. dxe4 Bc5 12. Be3 Bxe3 13. Qxe3 Qd6 14. O-O c5
15. Na3 g6 16. Rad1 Qb6 17. Rxd8+ Kxd8 18. Nc4 Qb3 19. Qxc5 Qxa4 20. Nxe5 1-0